000
00324nam a2200145Ia 4500
100
_a
Chandiramani/Sushil
650
_a
Digital device
942
_c
BK
245
_a
Networking technologies for Digital devices
260
_b
Nandu
_c
2009
082
_a
004.65/CHA
_b
CHA
300
_a
332
546
_a
ENGLISH
999
_c
23858
_d
23858